Movies Quiz

Random Movies or Clickable Quiz
Score 0/50 Timer 07:00
6 Plays Today
% Correct
Winnie
95.8%
Star
95.3%
Theft
95.2%
Monte
95%
Encounters
94.9%
Fever
94.7%
Smokey
93.3%
Jane
93.3%
Spy
92.6%
York
92.3%
Hills
92.2%
Point
91.8%
Light
91.6%
Hall
91.5%
Lightning
90.2%
Bridge
89.5%
Washington
89.2%
Garden
88.9%
Dragon
88.2%
Up
88%
High
87.5%
Tiger
86.5%
Island
86.2%
Shot
85.5%
Exorcist
85.1%
% Correct
Fried
84.2%
Girl
84%
'77
83.4%
God
81%
Goodbar
80.7%
Chapter
80.1%
Action
80%
Lover
79.9%
Night
79%
Women
78.7%
Midnight
76.2%
Beau
74.2%
Melting
73.5%
Rolling
73%
Alley
72.6%
Rose
72.4%
Black
72%
Cross
71.9%
Bobby
70.9%
Demon
69.9%
Training
66.4%
One
63.2%
Last
61.4%
Obscure
49.9%
Living
42.8%
Remove Ads.
Support Sporcle.
Get the best of Sporcle when you Go Orange. This ad-free experience offers more features, more stats, and more fun while also helping to support Sporcle. Thank you for becoming a member.

You're not logged in!

Compare scores with friends on all Sporcle quizzes.
OR
Log In

Show Comments

Extras

Top Quizzes Today


Score Distribution

Your Account Isn't Verified!

In order to create a playlist on Sporcle, you need to verify the email address you used during registration. Go to your Sporcle Settings to finish the process.

Report this User

Report this user for behavior that violates our Community Guidelines.

Details: